00713nam a2200217 i 4500003000900000005001700009007000300026008004100029020001500070040003000085082002400115100001600139245006800155264007400223300002500297336002700322337003300349338002800382490002900410710005600439DO-SdBNP20251120073734.0ta240521s1996 dr 000 0 spa d a8489548161 aDO-SdBNPbspacBNPHUerda 222a352.0072bC392c aCela, Jorge10aConstruyendo entre todos la democracia municipal /cJorge Cela  1aSanto Domingo :bPUCMM,bGrupo de Acción por la Democracia, c1996. a28 páginasc21 cm. 2rdacontentatextobtxt 2rdamediaasin mediaciónbn 2rdacarrieravolumenbnc1 aEducación Ciudadanav42 aPontificia Universidad Católica Madre y Maestra